Immigration Policy in Flux /
Uloženo v:
| Hlavní autor: | |
|---|---|
| Médium: | Text |
| Témata: | |
| Tagy: |
Přidat tag
Žádné tagy, Buďte první, kdo vytvoří štítek k tomuto záznamu!
|
MARC
| LEADER | 00000 a a2200000 04500 | ||
|---|---|---|---|
| 001 | 9948 | ||
| 003 | |||
| 040 | |||
| 100 | |a Waslin, Michele | ||
| 245 | |a Immigration Policy in Flux / |c Michele Waslin | ||
| 650 | |a INMIGRACION | ||
| 650 | |a POLITICA MIGRATORIA | ||
| 650 | |a TRABAJADORES EXTRANJEROS | ||
| 650 | |a TRABAJO CLANDESTINO | ||
| 773 | |g volumen 35, número 3; páginas 34-38 | ||
| 999 | |c 21236 |d 21236 | ||
